[Event "Blitz 2018"]
[Site "Saint-Petersburg"]
[Date "2018.12.29"]
[Round "4"]
[Board "47"]
[White "Bocharov Dmitry (RUS)"]
[Black "Melkumyan Hrant (ARM)"]
[Result "0-1"]
[LiveChessVersion "1.4.8"]
[BlackElo "2699"]
[WhiteElo "2517"]

1. Nf3 {[%clk 0:03:02]} c5 {[%clk 0:03:01]} 2. e3 {[%clk 0:03:01]} Nf6
{[%clk 0:03:00]} 3. d4 {[%clk 0:03:01]} cxd4 {[%clk 0:03:01]} 4. exd4
{[%clk 0:03:02]} d5 {[%clk 0:03:02]} 5. Ne5 {[%clk 0:02:57]} g6 {[%clk 0:03:01]}
6. Bb5+ {[%clk 0:02:51]} Nbd7 {[%clk 0:03:02]} 7. O-O {[%clk 0:02:47]} Bg7
{[%clk 0:03:02]} 8. Nd2 {[%clk 0:02:24]} O-O {[%clk 0:03:02]} 9. Ndf3
{[%clk 0:02:20]} Nxe5 {[%clk 0:02:53]} 10. dxe5 {[%clk 0:02:09]} Ne4
{[%clk 0:02:53]} 11. h3 {[%clk 0:01:53]} Bf5 {[%clk 0:02:54]} 12. Bd3
{[%clk 0:01:46]} Rc8 {[%clk 0:02:51]} 13. Be3 {[%clk 0:01:45]} Qa5
{[%clk 0:02:43]} 14. Bd4 {[%clk 0:01:39]} Rfd8 {[%clk 0:02:38]} 15. Qe2
{[%clk 0:01:38]} Be6 {[%clk 0:02:28]} 16. c3 {[%clk 0:01:38]} Qc7
{[%clk 0:02:22]} 17. Rfe1 {[%clk 0:01:32]} Nc5 {[%clk 0:02:22]} 18. Bc2
{[%clk 0:01:33]} a6 {[%clk 0:02:09]} 19. Rad1 {[%clk 0:01:27]} Bd7
{[%clk 0:02:07]} 20. Qe3 {[%clk 0:01:22]} Re8 {[%clk 0:01:51]} 21. Ng5
{[%clk 0:01:10]} Ne6 {[%clk 0:01:48]} 22. Nxe6 {[%clk 0:01:09]} Bxe6
{[%clk 0:01:49]} 23. h4 {[%clk 0:01:08]} Qd7 {[%clk 0:01:45]} 24. h5
{[%clk 0:01:05]} Bf5 {[%clk 0:01:43]} 25. Bxf5 {[%clk 0:00:59]} Qxf5
{[%clk 0:01:42]} 26. hxg6 {[%clk 0:01:00]} hxg6 {[%clk 0:01:38]} 27. e6
{[%clk 0:00:41]} Qxe6 {[%clk 0:01:21]} 28. Qxe6 {[%clk 0:00:41]} fxe6
{[%clk 0:01:22]} 29. Rxe6 {[%clk 0:00:33]} Rc6 {[%clk 0:01:23]} 30. Rde1
{[%clk 0:00:24]} Bxd4 {[%clk 0:01:20]} 31. cxd4 {[%clk 0:00:24]} Kf7
{[%clk 0:01:20]} 32. Rxc6 {[%clk 0:00:19]} bxc6 {[%clk 0:01:21]} 33. Rc1
{[%clk 0:00:20]} Rc8 {[%clk 0:01:22]} 34. b4 {[%clk 0:00:17]} Ke6
{[%clk 0:01:23]} 35. a3 {[%clk 0:00:16]} Kd6 {[%clk 0:01:21]} 36. Rc5
{[%clk 0:00:14]} e5 {[%clk 0:01:17]} 37. dxe5+ {[%clk 0:00:14]} Kxe5
{[%clk 0:01:18]} 38. Kf1 {[%clk 0:00:16]} Kd4 {[%clk 0:01:12]} 39. Ke2
{[%clk 0:00:17]} g5 {[%clk 0:01:10]} 40. f3 {[%clk 0:00:10]} Re8+
{[%clk 0:01:03]} 41. Kd2 {[%clk 0:00:11]} Re3 {[%clk 0:00:58]} 42. Ra5
{[%clk 0:00:08]} Rb3 {[%clk 0:00:55]} 43. Kc2 {[%clk 0:00:08]} Rc3+
{[%clk 0:00:52]} 44. Kd2 {[%clk 0:00:09]} g4 {[%clk 0:00:22]} 45. Rxa6
{[%clk 0:00:06]} g3 {[%clk 0:00:22]} 46. b5 {[%clk 0:00:06]} cxb5
{[%clk 0:00:21]} 47. Rg6 {[%clk 0:00:07]} Rd3+ {[%clk 0:00:18]} 48. Kc2
{[%clk 0:00:08]} Rxa3 {[%clk 0:00:19]} 49. Rxg3 {[%clk 0:00:08]} Kc4
{[%clk 0:00:15]} 50. Rg8 {[%clk 0:00:08]} Ra2+ {[%clk 0:00:16]} 51. Kb1
{[%clk 0:00:09]} Rf2 {[%clk 0:00:16]} 52. Rc8+ {[%clk 0:00:04]} Kb3
{[%clk 0:00:17]} 53. Rc5 {[%clk 0:00:05]} Rf1+ {[%clk 0:00:05]} 54. Rc1
{[%clk 0:00:06]} Rxc1+ {[%clk 0:00:05]} 55. Kxc1 {[%clk 0:00:07]} Ka2
{[%clk 0:00:04]} 56. f4 {[%clk 0:00:04]} b4 {[%clk 0:00:06]} 57. f5
{[%clk 0:00:04]} b3 {[%clk 0:00:07]} 58. Kd2 {[%clk 0:00:06]} b2 {[%clk 0:00:08]}
0-1

[Event "Blitz 2018"]
[Site "Saint-Petersburg"]
[Date "2018.12.29"]
[Round "4"]
[Board "48"]
[White "Yudin Sergei (RUS)"]
[Black "Ragger Markus (AUT)"]
[Result "1-0"]
[LiveChessVersion "1.4.8"]
[BlackElo "2677"]
[WhiteElo "2533"]

1. e4 {[%clk 0:03:02]} e5 {[%clk 0:03:03]} 2. Nf3 {[%clk 0:03:03]} Nc6
{[%clk 0:03:04]} 3. Bc4 {[%clk 0:03:03]} Bc5 {[%clk 0:03:05]} 4. d3
{[%clk 0:03:03]} Nf6 {[%clk 0:03:05]} 5. O-O {[%clk 0:03:03]} d6 {[%clk 0:03:03]}
6. c3 {[%clk 0:03:04]} a6 {[%clk 0:03:04]} 7. Bb3 {[%clk 0:03:05]} Ba7
{[%clk 0:02:59]} 8. h3 {[%clk 0:03:05]} h6 {[%clk 0:03:00]} 9. Be3
{[%clk 0:03:06]} g5 {[%clk 0:02:48]} 10. Bxa7 {[%clk 0:02:50]} Rxa7
{[%clk 0:02:47]} 11. Nh2 {[%clk 0:02:32]} h5 {[%clk 0:02:15]} 12. d4
{[%clk 0:02:28]} g4 {[%clk 0:02:15]} 13. dxe5 {[%clk 0:02:29]} dxe5
{[%clk 0:02:01]} 14. Qxd8+ {[%clk 0:02:28]} Nxd8 {[%clk 0:01:59]} 15. hxg4
{[%clk 0:02:27]} hxg4 {[%clk 0:01:55]} 16. Nd2 {[%clk 0:02:28]} b5
{[%clk 0:01:30]} 17. a4 {[%clk 0:02:28]} c6 {[%clk 0:01:30]} 18. Rfe1
{[%clk 0:02:22]} Ne6 {[%clk 0:01:17]} 19. Nhf1 {[%clk 0:02:18]} Nc5
{[%clk 0:01:09]} 20. Bc2 {[%clk 0:02:18]} Rd7 {[%clk 0:00:55]} 21. axb5
{[%clk 0:02:16]} axb5 {[%clk 0:00:55]} 22. b4 {[%clk 0:02:15]} Ne6
{[%clk 0:00:55]} 23. Nb3 {[%clk 0:02:07]} Nf4 {[%clk 0:00:49]} 24. Nc5
{[%clk 0:02:03]} Rd8 {[%clk 0:00:50]} 25. Ra7 {[%clk 0:01:53]} Nd7
{[%clk 0:00:47]} 26. Bb3 {[%clk 0:01:45]} O-O {[%clk 0:00:42]} 27. Nb7
{[%clk 0:01:40]} Bxb7 {[%clk 0:00:36]} 28. Rxb7 {[%clk 0:01:41]} Nf6
{[%clk 0:00:37]} 29. Rc7 {[%clk 0:01:34]} Rd6 {[%clk 0:00:34]} 30. Ng3
{[%clk 0:01:35]} Ne8 {[%clk 0:00:29]} 31. Re7 {[%clk 0:01:26]} Ng6
{[%clk 0:00:30]} 32. Rb7 {[%clk 0:01:19]} Ng7 {[%clk 0:00:30]} 33. Nf5
{[%clk 0:01:18]} Nxf5 {[%clk 0:00:30]} 34. exf5 {[%clk 0:01:19]} Nf4
{[%clk 0:00:31]} 35. Rxe5 {[%clk 0:01:16]} Kg7 {[%clk 0:00:32]} 36. Ree7
{[%clk 0:01:04]} Nd5 {[%clk 0:00:19]} 37. Bxd5 {[%clk 0:00:46]} Rxd5
{[%clk 0:00:20]} 38. Rbc7 {[%clk 0:00:46]} Kf6 {[%clk 0:00:19]} 39. Kh2
{[%clk 0:00:40]} Rd3 {[%clk 0:00:16]} 40. Re3 {[%clk 0:00:38]} Rxe3
{[%clk 0:00:15]} 41. fxe3 {[%clk 0:00:39]} Kxf5 {[%clk 0:00:16]} 42. Rxc6
{[%clk 0:00:39]} Ke4 {[%clk 0:00:18]} 43. Kg3 {[%clk 0:00:38]} f5
{[%clk 0:00:19]} 44. Re6+ {[%clk 0:00:38]} Kd3 {[%clk 0:00:20]} 45. Re5
{[%clk 0:00:39]} Kxc3 {[%clk 0:00:17]} 46. Rxb5 {[%clk 0:00:39]} Kc4
{[%clk 0:00:19]} 47. Re5 {[%clk 0:00:36]} Kxb4 {[%clk 0:00:13]} 48. Kf4
{[%clk 0:00:37]} Kc4 {[%clk 0:00:14]} 49. Rxf5 {[%clk 0:00:37]} Rg8
{[%clk 0:00:15]} 50. e4 {[%clk 0:00:31]} g3 {[%clk 0:00:14]} 51. Rg5
{[%clk 0:00:27]} Rf8+ {[%clk 0:00:15]} 52. Kxg3 {[%clk 0:00:28]} Kd4
{[%clk 0:00:16]} 53. Rf5 {[%clk 0:00:28]} Re8 {[%clk 0:00:13]} 54. Kf3
{[%clk 0:00:29]} Ra8 {[%clk 0:00:07]} 55. Rd5+ {[%clk 0:00:30]} Kc4
{[%clk 0:00:08]} 56. Kf4 {[%clk 0:00:29]} Ra2 {[%clk 0:00:09]} 57. g4
{[%clk 0:00:27]} Rf2+ {[%clk 0:00:09]} 58. Kg5 {[%clk 0:00:28]} Re2
{[%clk 0:00:10]} 59. Kf5 {[%clk 0:00:27]} Rf2+ {[%clk 0:00:11]} 60. Kg6
{[%clk 0:00:28]} Rf4 {[%clk 0:00:11]} 61. g5 {[%clk 0:00:28]} Rxe4
{[%clk 0:00:12]} 62. Rd1 {[%clk 0:00:24]} Re7 {[%clk 0:00:07]} 63. Kf6
{[%clk 0:00:21]} Ra7 {[%clk 0:00:08]} 64. g6 Ra6+ 65. Kg5 {[%clk 0:00:23]} Ra5+
{[%clk 0:00:11]} 66. Kh6 {[%clk 0:00:24]} Kd5 1-0

[Event "Blitz 2018"]
[Site "Saint-Petersburg"]
[Date "2018.12.29"]
[Round "4"]
[Board "49"]
[White "Inarkiev Ernesto (RUS)"]
[Black "Zakhartsov Vladimir (RUS)"]
[Result "1-0"]
[LiveChessVersion "1.4.8"]
[BlackElo "2567"]
[WhiteElo "2674"]

1. c4 {[%clk 0:03:03]} e5 {[%clk 0:03:04]} 2. Nc3 {[%clk 0:03:04]} Nf6
{[%clk 0:03:05]} 3. Nf3 {[%clk 0:03:04]} Nc6 {[%clk 0:03:06]} 4. e3
{[%clk 0:03:05]} Bb4 {[%clk 0:03:08]} 5. Qc2 {[%clk 0:03:06]} Bxc3
{[%clk 0:03:08]} 6. Qxc3 {[%clk 0:03:07]} Qe7 {[%clk 0:03:09]} 7. Be2
{[%clk 0:03:07]} O-O {[%clk 0:02:50]} 8. d4 {[%clk 0:03:09]} exd4
{[%clk 0:02:43]} 9. Nxd4 {[%clk 0:03:09]} Ne4 {[%clk 0:02:36]} 10. Qd3
{[%clk 0:02:51]} Qb4+ {[%clk 0:02:26]} 11. Kf1 {[%clk 0:02:52]} Re8
{[%clk 0:02:10]} 12. Nb5 {[%clk 0:02:41]} Nc5 {[%clk 0:02:10]} 13. Qd2
{[%clk 0:02:27]} Qxd2 {[%clk 0:01:57]} 14. Bxd2 {[%clk 0:02:28]} Ne6
{[%clk 0:01:58]} 15. a3 {[%clk 0:02:28]} a6 {[%clk 0:01:48]} 16. Nc3
{[%clk 0:02:29]} a5 {[%clk 0:01:42]} 17. b3 {[%clk 0:02:30]} b6 18. Nd5
{[%clk 0:02:24]} Ra7 {[%clk 0:01:28]} 19. Bc3 {[%clk 0:02:24]} Nc5
{[%clk 0:01:28]} 20. Rb1 {[%clk 0:02:25]} Ne4 {[%clk 0:01:28]} 21. Be1
{[%clk 0:02:24]} d6 {[%clk 0:01:26]} 22. f3 {[%clk 0:02:19]} Nc5 {[%clk 0:01:27]}
23. Kf2 {[%clk 0:02:20]} Ne7 {[%clk 0:01:19]} 24. b4 {[%clk 0:02:06]} Ne6
{[%clk 0:00:57]} 25. Nc3 {[%clk 0:01:38]} axb4 {[%clk 0:00:55]} 26. axb4
{[%clk 0:01:40]} Bd7 {[%clk 0:00:55]} 27. Bd2 {[%clk 0:01:41]} Rea8
{[%clk 0:00:55]} 28. Rhc1 {[%clk 0:01:36]} h6 {[%clk 0:00:53]} 29. h4
{[%clk 0:01:32]} Ra3 {[%clk 0:00:42]} 30. h5 {[%clk 0:01:33]} Nc6
{[%clk 0:00:31]} 31. Rb2 {[%clk 0:01:12]} Ra1 {[%clk 0:00:30]} 32. Rxa1
{[%clk 0:01:04]} Rxa1 {[%clk 0:00:31]} 33. f4 {[%clk 0:01:05]} Ne7
{[%clk 0:00:22]} 34. Nd5 {[%clk 0:01:01]} Kf8 {[%clk 0:00:21]} 35. g4
{[%clk 0:01:01]} Bc6 {[%clk 0:00:12]} 36. Bf3 {[%clk 0:01:01]} Ba8
{[%clk 0:00:09]} 37. Bc3 {[%clk 0:01:00]} Ra3 {[%clk 0:00:09]} 38. Rc2
{[%clk 0:00:57]} Nxd5 {[%clk 0:00:09]} 39. cxd5 {[%clk 0:00:54]} Nd8
{[%clk 0:00:11]} 40. Bd4 {[%clk 0:00:51]} Ra7 {[%clk 0:00:09]} 41. g5
{[%clk 0:00:46]} hxg5 {[%clk 0:00:04]} 42. fxg5 {[%clk 0:00:47]} Ra4
{[%clk 0:00:03]} 43. Rxc7 {[%clk 0:00:45]} Bb7 {[%clk 0:00:04]} 44. h6
{[%clk 0:00:42]} gxh6 {[%clk 0:00:05]} 45. gxh6 {[%clk 0:00:43]} Ra2+
{[%clk 0:00:07]} 46. Kg3 {[%clk 0:00:44]} 1-0

[Event "Blitz 2018"]
[Site "Saint-Petersburg"]
[Date "2018.12.29"]
[Round "4"]
[Board "51"]
[White "Makarov Marat (RUS)"]
[Black "Van Foreest Jorden (NED)"]
[Result "0-1"]
[LiveChessVersion "1.4.8"]
[BlackElo "2657"]
[WhiteElo "2505"]

1. d4 {[%clk 0:03:01]} d5 {[%clk 0:03:01]} 2. c4 {[%clk 0:02:56]} c6
{[%clk 0:03:00]} 3. Nf3 {[%clk 0:02:50]} Nf6 {[%clk 0:03:00]} 4. Nc3
{[%clk 0:02:51]} dxc4 {[%clk 0:03:01]} 5. a4 {[%clk 0:02:47]} e6 {[%clk 0:03:01]}
6. e3 {[%clk 0:02:46]} c5 {[%clk 0:03:02]} 7. Bxc4 {[%clk 0:02:47]} Nc6
{[%clk 0:03:03]} 8. O-O {[%clk 0:02:47]} Be7 {[%clk 0:03:03]} 9. Bb5
{[%clk 0:02:26]} Bd7 {[%clk 0:03:00]} 10. Ne5 {[%clk 0:02:23]} cxd4
{[%clk 0:02:54]} 11. Bxc6 {[%clk 0:02:16]} dxc3 {[%clk 0:02:28]} 12. Bxd7+
{[%clk 0:00:22]} Nxd7 {[%clk 0:02:27]} 13. Qh5 {[%clk 0:00:14]} g6
{[%clk 0:02:23]} 14. Nxg6 {[%clk 0:00:04]} fxg6 {[%clk 0:02:22]} 15. Qb5
{[%clk 0:00:06]} a6 {[%clk 0:02:08]} 16. Qb3 {[%clk 0:00:06]} Nc5
{[%clk 0:02:02]} 17. Qxc3 {[%clk 0:00:07]} O-O {[%clk 0:02:02]} 18. e4
{[%clk 0:00:05]} Qd3 {[%clk 0:02:02]} 19. Qe5 {[%clk 0:00:03]} Qxe4
{[%clk 0:02:00]} 20. Qc7 {[%clk 0:00:04]} Rf7 21. Be3 Bf8 {[%clk 0:01:40]} 22.
Qg3 {[%clk 0:00:06]} Rd8 {[%clk 0:01:34]} 23. Rae1 {[%clk 0:00:08]} Qf5
{[%clk 0:01:30]} 24. Bxc5 {[%clk 0:00:07]} Bxc5 {[%clk 0:01:31]} 25. Re5
{[%clk 0:00:07]} Qxf2+ {[%clk 0:01:28]} 26. Qxf2 {[%clk 0:00:07]} Bxf2+
{[%clk 0:01:28]} 27. Kh1 {[%clk 0:00:08]} Bd4 {[%clk 0:01:25]} 0-1

[Event "Blitz 2018"]
[Site "Saint-Petersburg"]
[Date "2018.12.29"]
[Round "4"]
[Board "52"]
[White "Salem A.R. Saleh (UAE)"]
[Black "Fridman Daniel (GER)"]
[Result "1/2-1/2"]
[LiveChessVersion "1.4.8"]
[BlackElo "2530"]
[WhiteElo "2645"]

1. d4 {[%clk 0:03:03]} d5 {[%clk 0:03:03]} 2. c4 {[%clk 0:03:03]} e6
{[%clk 0:03:04]} 3. Nc3 {[%clk 0:03:04]} Be7 {[%clk 0:03:05]} 4. Nf3
{[%clk 0:03:01]} Nf6 {[%clk 0:03:06]} 5. e3 {[%clk 0:02:47]} O-O {[%clk 0:03:04]}
6. Bd3 {[%clk 0:02:48]} dxc4 {[%clk 0:03:03]} 7. Bxc4 {[%clk 0:02:49]} c5
{[%clk 0:03:04]} 8. O-O {[%clk 0:02:49]} cxd4 {[%clk 0:03:05]} 9. exd4
{[%clk 0:02:50]} a6 {[%clk 0:03:05]} 10. a3 {[%clk 0:02:49]} b5 {[%clk 0:03:06]}
11. Ba2 {[%clk 0:02:49]} Bb7 {[%clk 0:03:07]} 12. Re1 {[%clk 0:02:49]} Nbd7
{[%clk 0:03:07]} 13. Bg5 {[%clk 0:02:08]} Nb6 {[%clk 0:03:06]} 14. Qd3
{[%clk 0:02:05]} Nbd5 {[%clk 0:03:05]} 15. Rad1 {[%clk 0:02:01]} Rc8
{[%clk 0:03:04]} 16. Nxd5 {[%clk 0:01:47]} Bxd5 {[%clk 0:02:56]} 17. Bb1
{[%clk 0:01:48]} g6 {[%clk 0:02:54]} 18. Ne5 {[%clk 0:01:39]} Rc7
{[%clk 0:02:11]} 19. h4 {[%clk 0:01:35]} Nh5 {[%clk 0:02:08]} 20. Bh6
{[%clk 0:00:32]} Bxh4 {[%clk 0:02:11]} 21. Qe3 {[%clk 0:00:19]} Re8
{[%clk 0:02:04]} 22. Ng4 {[%clk 0:00:19]} f5 {[%clk 0:01:53]} 23. Ne5
{[%clk 0:00:16]} g5 {[%clk 0:01:29]} 24. Rc1 {[%clk 0:00:14]} Rxc1
{[%clk 0:01:28]} 25. Rxc1 {[%clk 0:00:09]} Qf6 {[%clk 0:01:28]} 26. g3
{[%clk 0:00:08]} f4 {[%clk 0:01:25]} 27. Qd3 {[%clk 0:00:07]} Qxh6
{[%clk 0:01:25]} 28. gxh4 {[%clk 0:00:08]} Nf6 {[%clk 0:01:22]} 29. Qh3
{[%clk 0:00:03]} g4 {[%clk 0:01:15]} 30. Qh2 {[%clk 0:00:04]} Rf8
{[%clk 0:00:52]} 31. Rc7 {[%clk 0:00:04]} Qh5 {[%clk 0:00:47]} 32. Bd3
{[%clk 0:00:06]} Kh8 {[%clk 0:00:45]} 33. Qxf4 {[%clk 0:00:06]} Qxh4
{[%clk 0:00:45]} 34. Rxh7+ {[%clk 0:00:04]} Nxh7 {[%clk 0:00:41]} 35. Ng6+
{[%clk 0:00:05]} Kg8 {[%clk 0:00:42]} 36. Qxf8+ {[%clk 0:00:04]} Nxf8
{[%clk 0:00:43]} 37. Nxh4 {[%clk 0:00:06]} Kg7 {[%clk 0:00:42]} 38. Kh2
{[%clk 0:00:05]} Kf6 {[%clk 0:00:43]} 39. Ng2 {[%clk 0:00:04]} Bxg2
{[%clk 0:00:36]} 40. Kxg2 {[%clk 0:00:05]} Kg5 {[%clk 0:00:37]} 41. Be4
{[%clk 0:00:04]} Kf4 {[%clk 0:00:25]} 42. Bb7 {[%clk 0:00:05]} a5
{[%clk 0:00:27]} 43. b4 {[%clk 0:00:06]} axb4 {[%clk 0:00:26]} 44. axb4
{[%clk 0:00:08]} Ng6 {[%clk 0:00:22]} 45. Bc6 {[%clk 0:00:06]} Nh4+
{[%clk 0:00:23]} 46. Kf1 {[%clk 0:00:05]} Nf5 {[%clk 0:00:24]} 47. Bxb5
{[%clk 0:00:05]} Nxd4 {[%clk 0:00:25]} 48. Bd7 {[%clk 0:00:05]} Ke5
{[%clk 0:00:24]} 49. Kg2 {[%clk 0:00:06]} Kd6 {[%clk 0:00:23]} 50. Ba4
{[%clk 0:00:07]} Nf5 {[%clk 0:00:14]} 51. Bc2 {[%clk 0:00:08]} Nd4
{[%clk 0:00:09]} 52. Bd1 {[%clk 0:00:09]} Kc6 {[%clk 0:00:10]} 53. Bxg4
{[%clk 0:00:06]} Kb5 {[%clk 0:00:11]} 54. Kg3 {[%clk 0:00:07]} Kxb4
{[%clk 0:00:12]} 55. Kf4 {[%clk 0:00:08]} Kc5 {[%clk 0:00:12]} 56. Ke5
{[%clk 0:00:09]} Kc4 {[%clk 0:00:11]} 57. f4 {[%clk 0:00:10]} Kc5
{[%clk 0:00:09]} 58. Bd1 {[%clk 0:00:05]} Nc6+ {[%clk 0:00:08]} 59. Kxe6
{[%clk 0:00:05]} Nd4+ {[%clk 0:00:09]} 60. Ke5 {[%clk 0:00:05]} Nc6+
{[%clk 0:00:11]} 61. Ke6 {[%clk 0:00:05]} Nd4+ {[%clk 0:00:12]} 62. Ke5
{[%clk 0:00:04]} 1/2-1/2

[Event "Blitz 2018"]
[Site "Saint-Petersburg"]
[Date "2018.12.29"]
[Round "4"]
[Board "53"]
[White "Usmanov Vasily (RUS)"]
[Black "Anton Guijarro David (ESP)"]
[Result "1/2-1/2"]
[LiveChessVersion "1.4.8"]
[BlackElo "2631"]
[WhiteElo "2459"]

1. d4 {[%clk 0:03:03]} f5 {[%clk 0:03:03]} 2. h3 {[%clk 0:03:04]} d5
{[%clk 0:03:04]} 3. c4 {[%clk 0:03:05]} e6 {[%clk 0:03:04]} 4. g4
{[%clk 0:03:06]} Nf6 {[%clk 0:03:05]} 5. Nc3 {[%clk 0:03:06]} Bb4
{[%clk 0:03:05]} 6. gxf5 {[%clk 0:03:01]} exf5 {[%clk 0:03:04]} 7. Bg5
{[%clk 0:02:36]} O-O {[%clk 0:03:03]} 8. Qb3 {[%clk 0:02:33]} Nc6
{[%clk 0:02:56]} 9. e3 {[%clk 0:02:31]} Bxc3+ {[%clk 0:02:55]} 10. Qxc3
{[%clk 0:02:20]} Be6 {[%clk 0:02:55]} 11. Bg2 {[%clk 0:02:12]} Ne7
{[%clk 0:02:51]} 12. Ne2 {[%clk 0:01:49]} c6 {[%clk 0:02:30]} 13. Nf4
{[%clk 0:01:50]} Qd7 {[%clk 0:02:31]} 14. Bxf6 {[%clk 0:01:48]} Rxf6
{[%clk 0:02:32]} 15. b3 {[%clk 0:01:19]} Rd8 {[%clk 0:02:27]} 16. h4
{[%clk 0:01:19]} Bf7 {[%clk 0:02:26]} 17. h5 {[%clk 0:01:19]} b5 {[%clk 0:02:08]}
18. c5 {[%clk 0:01:07]} Qb7 {[%clk 0:02:07]} 19. Qa5 {[%clk 0:01:04]} Rb8
{[%clk 0:01:56]} 20. Nd3 {[%clk 0:01:05]} Rh6 {[%clk 0:01:54]} 21. Bf3
{[%clk 0:01:04]} Be8 {[%clk 0:01:46]} 22. Kd2 {[%clk 0:01:03]} Kh8
{[%clk 0:01:43]} 23. Ne5 {[%clk 0:01:03]} Ng8 {[%clk 0:01:38]} 24. Rag1
{[%clk 0:01:02]} Nf6 {[%clk 0:01:38]} 25. Rg5 {[%clk 0:01:03]} Ne4+
{[%clk 0:01:12]} 26. Bxe4 {[%clk 0:01:03]} fxe4 {[%clk 0:01:12]} 27. Rh4
{[%clk 0:00:49]} Rf6 {[%clk 0:01:11]} 28. Ke2 {[%clk 0:00:43]} Qe7
{[%clk 0:01:10]} 29. Rhg4 {[%clk 0:00:38]} g6 {[%clk 0:01:09]} 30. hxg6
{[%clk 0:00:38]} Bxg6 {[%clk 0:01:08]} 31. Nxg6+ {[%clk 0:00:39]} hxg6
{[%clk 0:01:08]} 32. Rxg6 {[%clk 0:00:37]} Rxg6 {[%clk 0:01:05]} 33. Rxg6
{[%clk 0:00:38]} Qf7 {[%clk 0:01:06]} 34. Rg3 {[%clk 0:00:39]} Qh5+
{[%clk 0:01:03]} 35. Kd2 {[%clk 0:00:33]} Qh2 {[%clk 0:00:55]} 36. Qc7
{[%clk 0:00:30]} Qxf2+ {[%clk 0:00:55]} 37. Kd1 {[%clk 0:00:28]} Qf1+
{[%clk 0:00:50]} 38. Kc2 {[%clk 0:00:28]} Qe2+ {[%clk 0:00:43]} 39. Kc1
{[%clk 0:00:27]} Qe1+ {[%clk 0:00:42]} 40. Kb2 {[%clk 0:00:26]} Qe2+
{[%clk 0:00:39]} 41. Kc1 {[%clk 0:00:21]} Qe1+ {[%clk 0:00:36]} 1/2-1/2

[Event "Blitz 2018"]
[Site "Saint-Petersburg"]
[Date "2018.12.29"]
[Round "4"]
[Board "54"]
[White "Paravyan David (RUS)"]
[Black "Mikhalevski Victor (ISR)"]
[Result "1-0"]
[LiveChessVersion "1.4.8"]
[BlackElo "2521"]
[WhiteElo "2629"]

1. d4 {[%clk 0:03:03]} Nf6 {[%clk 0:03:03]} 2. c4 {[%clk 0:03:05]} g6
{[%clk 0:03:04]} 3. g3 {[%clk 0:03:06]} c6 {[%clk 0:03:05]} 4. Bg2
{[%clk 0:03:06]} d5 {[%clk 0:03:06]} 5. Nf3 {[%clk 0:03:07]} Bg7 {[%clk 0:03:07]}
6. O-O {[%clk 0:03:07]} O-O {[%clk 0:03:08]} 7. Nbd2 {[%clk 0:03:09]} Bf5
{[%clk 0:03:05]} 8. b3 {[%clk 0:03:10]} a5 {[%clk 0:03:05]} 9. Bb2
{[%clk 0:03:11]} a4 {[%clk 0:03:05]} 10. a3 {[%clk 0:03:09]} axb3
{[%clk 0:03:01]} 11. Qxb3 {[%clk 0:03:10]} Ra7 {[%clk 0:02:55]} 12. Ne5
{[%clk 0:03:05]} e6 {[%clk 0:02:49]} 13. h3 {[%clk 0:02:41]} h5 {[%clk 0:02:44]}
14. a4 {[%clk 0:02:32]} Nfd7 {[%clk 0:02:25]} 15. Nd3 {[%clk 0:02:14]} Qb6
{[%clk 0:02:21]} 16. Qc3 {[%clk 0:01:53]} Qa5 {[%clk 0:02:06]} 17. Qc1
{[%clk 0:01:36]} Bxd3 {[%clk 0:02:02]} 18. exd3 {[%clk 0:01:37]} Na6
{[%clk 0:01:55]} 19. Bc3 {[%clk 0:01:38]} Qd8 {[%clk 0:01:50]} 20. Nf3
{[%clk 0:01:36]} Qe7 {[%clk 0:01:45]} 21. Qb2 {[%clk 0:01:36]} Rfa8
{[%clk 0:01:45]} 22. Rfe1 {[%clk 0:01:27]} Qd8 {[%clk 0:01:41]} 23. a5
{[%clk 0:01:23]} Nc7 {[%clk 0:01:40]} 24. Ne5 {[%clk 0:01:21]} Ne8
{[%clk 0:01:38]} 25. Rab1 {[%clk 0:01:14]} Nd6 {[%clk 0:01:34]} 26. Bb4
{[%clk 0:01:05]} Nf5 {[%clk 0:01:34]} 27. Bc3 {[%clk 0:01:05]} Bf8
{[%clk 0:01:22]} 28. Qe2 {[%clk 0:01:00]} Nxe5 {[%clk 0:01:17]} 29. dxe5
{[%clk 0:00:59]} d4 {[%clk 0:01:18]} 30. Bd2 {[%clk 0:00:59]} Bh6
{[%clk 0:01:16]} 31. Bb4 {[%clk 0:00:57]} Bf8 {[%clk 0:01:15]} 32. c5
{[%clk 0:00:49]} Ne7 {[%clk 0:01:12]} 33. Qc2 {[%clk 0:00:48]} Nd5
{[%clk 0:01:11]} 34. Bd2 {[%clk 0:00:48]} Qc7 {[%clk 0:01:06]} 35. Bxd5
{[%clk 0:00:31]} cxd5 {[%clk 0:01:05]} 36. Rb5 {[%clk 0:00:32]} Ra6
{[%clk 0:00:55]} 37. Qb2 {[%clk 0:00:29]} Bxc5 {[%clk 0:00:52]} 38. Rc1
{[%clk 0:00:30]} Rc6 {[%clk 0:00:53]} 39. Rxb7 {[%clk 0:00:30]} Qc8
{[%clk 0:00:53]} 40. Qb5 {[%clk 0:00:27]} Qe8 {[%clk 0:00:12]} 41. Rxc5 1-0

[Event "Blitz 2018"]
[Site "Saint-Petersburg"]
[Date "2018.12.29"]
[Round "4"]
[Board "55"]
[White "Drygalov Sergey (RUS)"]
[Black "Grigoriants Sergey (RUS)"]
[Result "1-0"]
[LiveChessVersion "1.4.8"]
[BlackElo "2626"]
[WhiteElo "2428"]

1. d4 {[%clk 0:03:02]} Nf6 {[%clk 0:03:02]} 2. c4 {[%clk 0:03:03]} e6
{[%clk 0:03:02]} 3. Nf3 {[%clk 0:03:03]} d5 {[%clk 0:03:01]} 4. Nc3
{[%clk 0:03:04]} c5 {[%clk 0:03:01]} 5. cxd5 {[%clk 0:02:59]} Nxd5
{[%clk 0:03:01]} 6. e3 {[%clk 0:03:00]} Nc6 {[%clk 0:02:53]} 7. Bd3
{[%clk 0:03:00]} Be7 {[%clk 0:02:50]} 8. O-O {[%clk 0:02:57]} O-O
{[%clk 0:02:50]} 9. a3 {[%clk 0:02:57]} cxd4 {[%clk 0:02:29]} 10. exd4
{[%clk 0:02:54]} Nf6 {[%clk 0:02:31]} 11. Ne4 {[%clk 0:02:14]} Nxd4
{[%clk 0:01:41]} 12. Bf4 {[%clk 0:00:29]} Nc6 {[%clk 0:00:38]} 13. Qe2
{[%clk 0:00:22]} Nd5 {[%clk 0:00:39]} 14. Bd2 {[%clk 0:00:17]} b6
{[%clk 0:00:33]} 15. Rac1 {[%clk 0:00:09]} Bb7 {[%clk 0:00:22]} 16. Neg5
{[%clk 0:00:10]} Nf6 {[%clk 0:00:21]} 17. Rfd1 {[%clk 0:00:09]} h6
{[%clk 0:00:13]} 18. Ne4 {[%clk 0:00:10]} Nd5 {[%clk 0:00:11]} 19. Ng3
{[%clk 0:00:10]} Rc8 {[%clk 0:00:08]} 20. Nh5 {[%clk 0:00:10]} Qe8
{[%clk 0:00:07]} 21. Qe4 {[%clk 0:00:07]} f5 {[%clk 0:00:04]} 22. Qxe6+
{[%clk 0:00:08]} Qf7 {[%clk 0:00:05]} 23. Qxf7+ {[%clk 0:00:09]} Rxf7
{[%clk 0:00:06]} 24. Bc4 {[%clk 0:00:08]} 1-0